000 00283nam a2200109Ia 4500
001 1261493
005 20260417140353.0
008 260417s9999 xx 000 0 und d
020 _a9786051418827
245 0 _aUzun Beyaz Bulut Gelibolu
_cBuket Uzuner
260 _bEverest Yayınları
999 _c1261493
_d1261493